Cowan and steel's manual for the identification of medical bacteria (Record no. 8753)
[ view plain ]
| 000 -LEADER | |
|---|---|
| fixed length control field | 00286nam a22001217a 4500 |
| 040 ## - CATALOGING SOURCE | |
| Transcribing agency | HS |
| 082 ## - DEWEY DECIMAL CLASSIFICATION NUMBER | |
| Classification number | 636 |
| 100 ## - MAIN ENTRY--AUTHOR NAME | |
| Personal name | G.I.BARROW |
| 245 ## - TITLE STATEMENT | |
| Title | Cowan and steel's manual for the identification of medical bacteria |
| 260 ## - PUBLICATION, DISTRIBUTION, ETC. (IMPRINT) | |
| Place of publication | American |
| Name of publisher | G.I.BARROW |
| Year of publication | NA |
| 300 ## - PHYSICAL DESCRIPTION | |
| Number of Pages | 238p. |
| 942 ## - ADDED ENTRY ELEMENTS (KOHA) | |
| Koha item type | សៀវភៅភាសាអង់គ្លេស |
| 952 ## - LOCATION AND ITEM INFORMATION (KOHA) | |
| Withdrawn status [LOCAL, KOHA] | 0 |
| 952 ## - LOCATION AND ITEM INFORMATION (KOHA) | |
| Withdrawn status [LOCAL, KOHA] | 0 |
| Permanent Location | Date acquired | Koha item type | Lost status | Shelving location | Barcode | Current Location | Full call number |
|---|---|---|---|---|---|---|---|
| Library Block C | 2016-08-12 | សៀវភៅភាសាអង់គ្លេស | C244 | RUA045634 | Library Block C | 636 GIB NA C244 | |
| Library Block C | 2016-10-13 | សៀវភៅភាសាអង់គ្លេស | C249 | RUA045041 | Library Block C | 636 BAR NA C249 |